Prisin̤ Preventiva y el Derecho a ser Juzgado en un Plazo Razonable

Detalles Bibliográficos
Autor principal: Rabanal Oyarce, Bernave
Formato: eBook
Lenguaje:español
Publicado: Lima: Editorial Acadm̌ica Espaǫla, 2019
Materias:
Acceso en línea:Acceso restringido

MARC

LEADER 00000nam a22000007a 4500
005 20191009222524.0
007 cr|||| ||||
008 191009s2019 pe |||||s|||| 00||0 spa d
020 |a 9786139466375 
035 |a 29756 
040 |a vLex 
090 |c 9765  |d 9765 
100 1 |a Rabanal Oyarce, Bernave 
245 1 0 |a Prisin̤ Preventiva y el Derecho a ser Juzgado en un Plazo Razonable  |h [Recurso electrn̤ico] /  |c Bernave Rabanal Oyarce 
256 |a Servicio en ln̕ea 
260 |a Lima:  |b Editorial Acadm̌ica Espaǫla,  |c 2019 
300 |a 1 recurso electrn̤ico 
500 |a Las medidas coercitivas personales tienen como finalidad asegurar el proceso, sin embargo su aplicacin̤ debe ser estrictamente necesaria para el cumplimiento de esa finalidad, y en lo que se refiere a la prisin̤ preventiva, šta por ser una de las medidas ms̀ gravosas que ha regulado nuestro ordenamiento jurd̕ico debe ser utilizada como l︢tima opcin̤, puesto que se tiene de por medio la privacin̤ de la libertad ambulatoria de una persona que an︢ le asiste la presuncin̤ de inocencia, por consiguiente el tiempo que permanezca en un establecimiento penitencia debe ser el estrictamente necesario, dicho de otra forma en un plazo razonable. La aplicacin̤ de la prisin̤ preventiva en el Per ︢no ha sido utilizada de la mejor manera, puesto que los fiscales lo han venido utilizando como regla general y los jueces lo admita̕n, conllevando al incremento de presos preventivos; se han efectuado modificaciones en el Cd̤igo Procesal Penal para incrementar los plazos de la prisin̤ preventiva para los casos de organizaciones criminales as ̕como la creacin̤ de la figura de la adecuacin̤ de la prolongacin̤ de la prisin̤ preventiva. 
506 1 |a Disponible solo en los productos indicados  |d vLex Global  |d vLex Global (Academic Edition, excluding Law Schools)  |d vLex Global (U.S. Academic Edition, Law Schools)  |d vLex Global (U.S. Academic Edition, excluding Law Schools)  |d vLex Global (Academic Edition, Law Schools) 
650 0 4 |a Derecho Penal  |z Per︢ 
740 0 |a vLex Libros (Servicio en ln̕ea) 
856 4 0 |u http://vlex.com/source/29756  |z Acceso restringido 
942 |c BOOK 
999 0 |a Criminal law